Catalog

Record Details

Catalog Search



Metody alternativní a augmentativní komunikace  Cover Image Book Book

Metody alternativní a augmentativní komunikace / Jana Šarounová a kol.

Record details

  • ISBN: 978-80-262-0716-0 (brož.)
  • Physical Description: 150 s. : il. ; 21 cm
  • Edition: Vyd. 1.
  • Publisher: Praha : Portál, 2014

Content descriptions

Bibliography, etc. Note:
Obsahuje bibliografii a bibliografické odkazy
Subject: alternativní a augmentativní komunikace
zdravotně postižení
alternative and augmentative communication
people with disabilities
Genre: metodické příručky
methodological manuals

Available copies

  • 0 of 1 copy available at Common Catalog SPOK.

Holds

  • 0 current holds with 1 total copy.
Show Only Available Copies
Location Call Number / Copy Notes Barcode Shelving Location Status Due Date
Jabok Library PeS-5.4/Š 424480035813 Odborná literatura Checked out 08.09.2025

LDR 00000cam a2200205 a 4500
00119150
003CZ-PrJAB
00520160204111155.0
007ta
008140912s2014 xr a e 000 0 cze
015 . ‡acnb002624328
020 . ‡a978-80-262-0716-0 (brož.)
035 . ‡a(CZ PrNK)nkc20142624328
040 . ‡aABA001 ‡bcze
072 7. ‡a316.4/.7 ‡xSociální interakce ‡2Konspekt ‡918
080 . ‡a316.772-028.82 ‡2MRF
080 . ‡a316.344.6-056.26/.3 ‡2MRF
080 . ‡a(072) ‡2MRF
1001 . ‡aŠarounová, Jana, ‡d1964- ‡7jx20100713023 ‡4aut
24510. ‡aMetody alternativní a augmentativní komunikace / ‡cJana Šarounová a kol.
250 . ‡aVyd. 1.
260 . ‡aPraha : ‡bPortál, ‡c2014
300 . ‡a150 s. : ‡bil. ; ‡c21 cm
504 . ‡aObsahuje bibliografii a bibliografické odkazy
65007. ‡aalternativní a augmentativní komunikace ‡7ph221973 ‡2czenas
65007. ‡azdravotně postižení ‡7ph127575 ‡2czenas
65009. ‡aalternative and augmentative communication ‡2eczenas
65009. ‡apeople with disabilities ‡2eczenas
655 7. ‡ametodické příručky ‡7fd132826 ‡2czenas
655 9. ‡amethodological manuals ‡2eczenas
910 . ‡aABG312
9281 . ‡aPortál
901 . ‡a19150 ‡b ‡c19150 ‡tbiblio

Additional Resources